000 00920nam a2200265 a 4500
001 61422
003 BD-RjUL
005 20211209080949.0
008 011105s20042003ii a b 001 0 eng d
020 _a0324007515
035 _a(BD-RjUL)61546
040 _aBD-RjUL
_cBD-RjUL
_dBD-RjUL
_beng
041 _aeng
082 0 0 _a658.7
_223
_bCOM 2004
100 1 _aCoyle, John J.
_q(John Joseph),
_d1935-
_9183100
245 1 4 _aThe management of business logistics :
_ba supply chain perspective /
_cJohn J. Coyle, Edward J. Bardi, C. John Langley.
250 _a7th ed.
260 _aMason, Ohio :
_bSouth-Western/Thomson Learning,
_cc2003 [reprinted 2004].
300 _axx, 707 p. :
_bill. ;
_c26 cm.
504 _aIncludes bibliographical references and index.
650 0 _aBusiness logistics.
_9175001
700 1 _aBardi, Edward J.,
_d1943-
_9183101
700 1 _aLangley, C. John,
_d1946-
_9183102
942 _2ddc
_cBK
999 _c61422
_d61422